Estado y políticas de desarrollo de la Costa Atlántica de Centro América: el caso de Honduras: informe general. Informe sobre el estado de los trabajos de investigación que se están llevando a cabo en el marco del proyecto del UNRISD Sistemas Alimentarios

Đã lưu trong:
Chi tiết về thư mục
Tác giả chính: Universidad Nacional Autónoma de Honduras
Định dạng: Texto
Được phát hành: Tegucigalpa, D.C.: UNAH
Những chủ đề:
Các nhãn: Thêm thẻ
Không có thẻ, Là người đầu tiên thẻ bản ghi này!

MARC

LEADER 00000 a a2200000 04500
001 24079
003
040 |a CRAI/IIS  |c CRAI/IIS 
090 |a 086100  
100 |a Universidad Nacional Autónoma de Honduras  
245 |a Estado y políticas de desarrollo de la Costa Atlántica de Centro América: el caso de Honduras: informe general. Informe sobre el estado de los trabajos de investigación que se están llevando a cabo en el marco del proyecto del UNRISD Sistemas Alimentarios  
260 |a Tegucigalpa, D.C.:   |b UNAH  
300 |a 164 p. y pag. irr. en los anexos   |b **no definido**   |b map.  
650 |a DESARROLLO AGROPECUARIO  
650 |a POTENCIAL DE LA TIERRA  
650 |a SECTOR PRIMARIO  
650 |a SECTOR INDUSTRIAL  
650 |a POBLACION  
650 |a MIGRACION  
650 |a SECTOR PRIMARIO  
650 |a SINDICATOS  
650 |a EDUCACION  
999 |c 7272  |d 7272